000 00381cam a22001097a 4500
008 180718b1975 xxu||||| |||| 00| 0 eng d
082 _aK5:I53x42 Un3
245 _aTraining for office management: a report
_cby Department of Employment, United Kingdom
260 _aLondon
_bHer Majesty's Stationery Office
_c1975
300 _a27p.
700 _aUnited Kingdom. Department of Employment
999 _c499904
_d499904